000 01065nam a2200301 i 4500
999 _c357886
_d357886
001 000000303635
003 IT-MiSPE
005 20180514162717.0
008 031004s1980 xx 000 b ita c
020 _a9788826300559
_c25.50 EUR
040 _aIT-MiSPE
_bita
_cIT-MiSPE
041 _hfre
082 _a110-MAR ga ho (23164)
100 1 _aMarcel, Gabriel,
_d1889-1973.
_957206
240 1 0 _aHomo viator. Italiano. 1980
245 1 0 _aHomo viator :
_bprolegomeni di una metafisica della speranza /
_cdi Gabriel Marcel ; traduzione di Luigi Castiglione e Mario Rettori.
260 _aRoma :
_bBorla,
_c[1980]
300 _a315 p. ;
_c21 cm
490 1 _aClassici Borla
500 _aTit. orig.: Homo viator. Italiano. 1980
655 0 7 _aFilosofi di lingua francese posteriori al 1920
_xMarcel Gabriel, 1889-1973.
_2local
_957207
700 1 _aCastiglione, Luigi,
_etr.
_957208
700 1 _aRettori, Mario,
_etr.
_957209
830 0 _aClassici Borla.
_957210
942 _2ddc
_cBK